La Guerre de Cent Ans - Statistiques

Statistiques générales
  • Ce quiz a été pris 179 fois
  • Le résultat moyen est 9 sur 15
Statistiques - réponses
Question Réponse % Correct
Date de Fin 1453
93%
Héroïne de la Guerre,surnommée la "Pucelle d'Orléans" Jeanne d'Arc
92%
Date de Début 1337
91%
Roi d'Angleterre au début de la Guerre Édouard III
91%
Roi de France surnommé «Le Fou» Charles VI
87%
Roi de France au début de la Guerre Philippe VI
87%
Territoire qui est la cause du conflit Guyenne
69%
Titre porté par le fils aîné du Roi de France,à partir de Charles V Le Dauphin
69%
Défaite sanglante des Français,le 26 Août 1346 Crécy
64%
Célèbre stratège militaire fait Connétable de France Bertrand du Guesclin
60%
Capture de Jean II dit le Bon,à la Bataille de Poitiers (Date) 1356
47%
Traité qui déshérite le fils de ce dernier (mettez le nom de la ville seulement) Troyes
43%
Bataille Navale dévastatrice pour les Français remportée par Édouard III en 1340 L'Écluse
34%
Grande barricade de bateaux censé empêcher les adversaires d'emprunter les voies maritimes Blocus
17%
Alliés du Roi de France (Pays ou Royaume) Castille,Écosse,République de Gênes
1%
Aucun quiz correspondant
Distribution des résultats
% des personnes avec chaque résultat
Percentile par nombre de réponses
Votre historique - résultats
Vous n’avez pas pris ce quiz